000 00756 a2200253 4500
003 CBULib
005 20250218130609.0
008 241029b |||||||| |||| 00| 0 eng d
020 _a9780393872330
040 _bEnglish
_cCBULib
_erda
050 _aQC 100 Cop
100 _aCoppock, Lee
245 _aPrinciples of macroeconomics
_c/ by Lee Coppock
250 _aThird edition.
260 _bW. W. Norton and Company :
_c2021
_aNew York,
300 _axlii, 691, A34 pages : color illustrations
336 _2rdacontent
_aText |
_btxt
337 _2rdamedia
_aUnmediated |
_bn
338 _2rdacarrier
_aVolume
_bnc
500 _aIncludes glossary
650 0 _93038
_aMACROECONOMICS
650 0 _93838
_aMACROECONOMICS TEXTBOOKS
942 _2lcc
_c002
999 _c85712
_d85712